000 01183nam a22002297a 4500
999 _c93134
_d93134
003 NALT
005 20221102092217.0
008 170719b th ||||| |||| 00| 0 tha d
020 _a9789742611392
040 _aNALT
050 _aCR 6080
_bส691ก 2551
110 2 _aสำนักเลขาธิการคณะรัฐมนตรี
_92957
245 1 0 _aการแต่งกายประดับเครื่องราชอิสริยาภรณ์ /
_cสำนักเลขาธิการคณะรัฐมนตรี.
250 _aพิมพ์ครั้งที่ 5
260 _aกรุงเทพฯ :
_bสวัสดิการสำนักเลขาธิการคณะรัฐมนตรี,
_c2551.
300 _a352 หน้า :
_bภาพประกอบ ;
_c21 ซม.
650 4 _96257
_aเครื่องราชอิสริยาภรณ์
650 4 _96258
_aเครื่องราชอิสริยาภรณ์
_xการแต่งกาย
850 _aNALT
942 _2lcc
_cGB
998 _aaroon
_cphon
_j104
_k นางสาวสายฝน ดีงาม